21st century manufacturing : Creating winning business performance
שמור ב:
| מחבר ראשי: | |
|---|---|
| פורמט: | ספר |
| שפה: | Undetermined |
| יצא לאור: |
Essex Junction, VT
OMNEO
1992
|
| נושאים: | |
| תגים: |
הוספת תג
אין תגיות, היה/י הראשונ/ה לתייג את הרשומה!
|
| Thư viện lưu trữ: | Trung tâm Học liệu Trường Đại học Cần Thơ |
|---|
| LEADER | 00623nam a2200217Ia 4500 | ||
|---|---|---|---|
| 001 | CTU_95392 | ||
| 008 | 210402s9999 xx 000 0 und d | ||
| 082 | |a 658.5 | ||
| 082 | |b G976 | ||
| 100 | |a Gunn, Thomas G. | ||
| 245 | 0 | |a 21st century manufacturing : | |
| 245 | 0 | |b Creating winning business performance | |
| 245 | 0 | |c Thomas G. Gunn | |
| 260 | |a Essex Junction, VT | ||
| 260 | |b OMNEO | ||
| 260 | |c 1992 | ||
| 650 | |a Manufacturing industries,Industrial management | ||
| 650 | |x Management | ||
| 650 | |z United States,United States | ||
| 904 | |i Năm | ||
| 980 | |a Trung tâm Học liệu Trường Đại học Cần Thơ | ||